Normal view
MARC view
Entry Personal Name
001 - CONTROL NUMBER
- control field: 20168
003 - CONTROL NUMBER IDENTIFIER
- control field: ARRUPE
005 - DATE AND TIME OF LATEST TRANSACTION
- control field: 20151008124255.0
008 - FIXED-LENGTH DATA ELEMENTS
- fixed length control field: 151008|| aca||aabn | a|a d
040 ## - CATALOGING SOURCE
- Original cataloging agency: ARRUPE
- Transcribing agency: ARRUPE
100 ## - HEADING--PERSONAL NAME
- Personal name: Berry, George Ricker
670 ## - SOURCE DATA FOUND
- Source citation: Work cat.: (ARRUPE)90884: The classic Greek dictionary, 1927